000 01242nam a2200337 a 4500
001 000114745
003 CHAP
005 20220329144455.0
008 180405s2018 mx a fsm |||||||spa d
010 _a111206
011 _a112178
040 _cCHAP
090 _aTesis
100 1 _aViana Carrillo, Saul
_9135045
245 1 0 _aConstrución de un índice de precios de la vivienda en México /
_h[En línea]
_cpor Saul Viana Carrillo.
260 _aChapingo, Méx. :
_bEl autor,
_c2018.
500 _aPara ver el contenido del material haga clic en la liga
502 _aTesis (Lic. en Estadistica) -- UACH. División de Ciencias Forestales
590 _aBATCH-UPD
_b05
_c20180409
_lUCH01
_h1432
590 _aE8697GMM
_b05
_c20180405
_lUCH01
_h0851
590 _aE8697GMM
_b05
_c20180405
_lUCH01
_h0852
590 _aE8697GMM
_b05
_c20180409
_lUCH01
_h1431
650 1 4 _aCostos y nivel de vida
_zMéxico.
_928549
650 1 4 _aVivienda
_xAspectos económicos.
_9133779
650 1 4 _aVivienda
_zMéxico.
_9120153
650 1 4 _aViviendas
_xClasificación para la venta
_zClasificación para la venta.
_9175649
856 _aFinding aid
_uhttp://10.13.5.2/tesis/sist114745.pdf
_zTeclea aquí
901 _aBK
942 _cTESIS
942 _n0
999 _c111206
_d111206